[Event "Warsaw YMCA Autumn-B 191st"]
[Site "Warsaw"]
[Date "2017.11.02"]
[Round "7"]
[White "Wojnowski, Jan"]
[Black "Kalhorn, Marcin"]
[Result "0-1"]
[WhiteElo "1549"]
[BlackElo "1610"]
[PlyCount "152"]
[EventDate "2017.09.19"]
[EventType "tourn"]
[EventRounds "13"]
[EventCountry "POL"]
[SourceTitle "EXT 2019"]
[Source "ChessBase"]
[SourceDate "2018.10.10"]
[SourceVersion "1"]
[SourceVersionDate "2018.10.10"]
[SourceQuality "1"]

1. e4 e6 2. d4 d5 3. Nd2 c5 4. exd5 Qxd5 5. Ngf3 cxd4 6. Bc4 Qd6 7. 0-0 Nf6 8. Nb3 Nc6 9. Re1 a6 10. Nbxd4 Nxd4 11. Nxd4 Qc7 12. Bb3 Bd6 13. Nf5 Bxh2+ 14. Kh1 0-0 15. Nxg7 Rd8 16. Qf3 Kxg7 17. Bh6+ Kg6 18. c3 Nh5 19. Bc1 Bf4 20. g4 Ng3+ 21. fxg3 Bxc1 22. Raxc1 Bd7 23. Bc2+ Kg7 24. Kh2 Bc6 25. Qe3 Qa5 26. Rcd1 h6 27. Rd4 Qg5 28. Qd3 Rh8 29. Bd1 Rad8 30. Qe2 Rxd4 31. cxd4 Rd8 32. Qf2 Qf6 33. Qxf6+ Kxf6 34. Rf1+ Kg7 35. Rf4 e5 36. Rf2 Rxd4 37. Bb3 f6 38. Be6 Bd5 39. Bc8 a5 40. a3 Rc4 41. Bf5 b5 42. Rd2 Bc6 43. Kg1 Rc1+ 44. Kf2 Rh1 45. Rd6 Be8 46. Ke3 Rh2 47. Rd8 Kf7 48. Rd2 Rxd2 49. Kxd2 Ke7 50. Kc3 Kd6 51. Bd3 Kd5 52. b3 Bd7 53. Be2 Ke4 54. Kd2 Kd4 55. Bf3 e4 56. Bd1 f5 57. gxf5 Bxf5 58. Be2 b4 59. axb4 axb4 60. Bc4 e3+ 61. Ke2 Bg4+ 62. Kf1 Kc3 63. Ke1 Bf3 64. Bf7 Be4 65. Ke2 Kd4 66. Bc4 Bc2 67. Bf7 Bd3+ 68. Ke1 Ke5 69. Bh5 Kf6 70. Bf3 Ke5 71. Bh5 Kd4 72. Bf7 Bc2 73. Be6 Kc3 74. Bf7 Bd3 75. Be6 Bc2 76. Ke2 Bxb3 0-1

[Event "Warsaw YMCA Autumn-B 191st"]
[Site "Warsaw"]
[Date "2017.10.12"]
[Round "4"]
[White "Kalhorn, Marcin"]
[Black "Mazurek, Jerzy"]
[Result "1/2-1/2"]
[WhiteElo "1610"]
[BlackElo "1600"]
[PlyCount "78"]
[EventDate "2017.09.19"]
[EventType "tourn"]
[EventRounds "13"]
[EventCountry "POL"]
[SourceTitle "EXT 2019"]
[Source "ChessBase"]
[SourceDate "2018.10.10"]
[SourceVersion "1"]
[SourceVersionDate "2018.10.10"]
[SourceQuality "1"]

1. d4 Nf6 2. c4 g6 3. Nc3 Bg7 4. e4 d6 5. Nf3 0-0 6. Be2 e5 7. d5 a5 8. Bg5 h6 9. Bh4 Na6 10. Nd2 Bd7 11. a3 Qe8 12. b3 Nh7 13. 0-0 h5 14. f3 Bh6 15. Rb1 Be3+ 16. Kh1 Bc5 17. Qc1 f5 18. exf5 gxf5 19. f4 Nf6 20. h3 Qg6 21. Na2 Be3 22. fxe5 Ne4 23. Be1 Bxd2 24. Bxd2 Ng3+ 25. Kh2 Nxe2 26. Qe1 Nd4 27. e6 Rae8 28. Qf2 c5 29. Bxa5 Bc8 30. Nc3 Re7 31. Ne2 Nc2 32. Nf4 Qg5 33. Qxc2 h4 34. Qf2 Nc7 35. Bxc7 Rxc7 36. a4 b6 37. Rbe1 Re7 38. Re3 Kh7 39. Rf3 Rg7 1/2-1/2

[Event "Warsaw YMCA Autumn-B 191st"]
[Site "Warsaw"]
[Date "2017.10.05"]
[Round "3"]
[White "Rejniak, Zuzanna"]
[Black "Kalhorn, Marcin"]
[Result "1-0"]
[WhiteElo "1618"]
[BlackElo "1610"]
[PlyCount "119"]
[EventDate "2017.09.19"]
[EventType "tourn"]
[EventRounds "13"]
[EventCountry "POL"]
[SourceTitle "EXT 2019"]
[Source "ChessBase"]
[SourceDate "2018.10.10"]
[SourceVersion "1"]
[SourceVersionDate "2018.10.10"]
[SourceQuality "1"]

1. e4 e6 2. d4 d5 3. Nc3 Nf6 4. Bg5 Bb4 5. e5 h6 6. Bd2 Bxc3 7. Bxc3 Ne4 8. Bb4 c5 9. Bxc5 Nxc5 10. dxc5 Nd7 11. Nf3 Nxc5 12. c3 Qc7 13. Be2 Bd7 14. 0-0 0-0 15. Qd4 b5 16. Rac1 Rfd8 17. Rfe1 Rac8 18. Bf1 Qb7 19. Qd1 b4 20. cxb4 Qxb4 21. Qd4 Qxd4 22. Nxd4 a5 23. b3 Ne4 24. Ba6 Rxc1 25. Rxc1 Ra8 26. Bb7 Rb8 27. Rc7 Be8 28. a4 Nc3 29. Rxc3 Rxb7 30. Rc8 Kf8 31. Nb5 Ke7 32. Rxe8+ Kxe8 33. Nd6+ Kd7 34. Nxb7 f6 35. f4 fxe5 36. fxe5 Kc7 37. Nxa5 Kb6 38. b4 g5 39. Kf2 h5 40. Ke3 Kc7 41. Nb3 Kb6 42. Nd4 Kb7 43. Nxe6 g4 44. Nc5+ Kc7 45. a5 Kc6 46. a6 Kb6 47. e6 Kb5 48. a7 Kxb4 49. a8Q Kxc5 50. Qa5+ Kd6 51. Qb4+ Kxe6 52. Kd4 h4 53. Qb6+ Kf5 54. Kxd5 h3 55. Qf2+ Kg6 56. gxh3 gxh3 57. Ke6 Kg5 58. Qg3+ Kh5 59. Kf5 Kh6 60. Qg6# 1-0

[Event "Warsaw YMCA Autumn-C 176th"]
[Site "Warsaw"]
[Date "2016.11.30"]
[Round "11"]
[White "Kalejta, Arkadiusz"]
[Black "Kalhorn, Marcin"]
[Result "1-0"]
[WhiteElo "1592"]
[BlackElo "1629"]
[PlyCount "85"]
[EventDate "2016.09.20"]
[EventType "tourn"]
[EventRounds "13"]
[EventCountry "POL"]
[SourceTitle "EXT 2019"]
[Source "ChessBase"]
[SourceDate "2018.10.10"]
[SourceVersion "1"]
[SourceVersionDate "2018.10.10"]
[SourceQuality "1"]

1. e4 e5 2. Nf3 Nc6 3. Bb5 a6 4. Ba4 Nf6 5. 0-0 Be7 6. Re1 b5 7. Bb3 d6 8. c3 0-0 9. d4 Bg4 10. Be3 exd4 11. cxd4 d5 12. e5 Ne4 13. Nc3 Nxc3 14. bxc3 Na5 15. Bc2 Nc4 16. Qd3 g6 17. Qe2 a5 18. Bh6 Re8 19. h3 Be6 20. Kh1 c6 21. Nd2 Nxd2 22. Qxd2 b4 23. Reb1 Qc7 24. f4 c5 25. g4 bxc3 26. Qxc3 Rec8 27. Bd3 Qa7 28. f5 cxd4 29. Qd2 Bd7 30. e6 Be8 31. Rf1 Rc3 32. fxg6 fxg6 33. Qf4 Qc5 34. Qe5 Bf8 35. Rxf8+ Qxf8 36. Bxf8 Kxf8 37. e7+ Kg8 38. Qxd5+ Kg7 39. Qxa8 Bc6+ 40. Qxc6 Rxc6 41. e8Q Rc3 42. Rf1 Rxd3 43. Qf8# 1-0

[Event "Warsaw YMCA Autumn-C 176th"]
[Site "Warsaw"]
[Date "2016.11.09"]
[Round "8"]
[White "Kalhorn, Marcin"]
[Black "Mlynarski, Zbigniew"]
[Result "1-0"]
[WhiteElo "1629"]
[BlackElo "1644"]
[PlyCount "91"]
[EventDate "2016.09.20"]
[EventType "tourn"]
[EventRounds "13"]
[EventCountry "POL"]
[SourceTitle "EXT 2019"]
[Source "ChessBase"]
[SourceDate "2018.10.10"]
[SourceVersion "1"]
[SourceVersionDate "2018.10.10"]
[SourceQuality "1"]

1. d4 Nf6 2. c4 g6 3. Nc3 Bg7 4. e4 d6 5. Nf3 0-0 6. Be2 c5 7. d5 Nbd7 8. 0-0 Nb6 9. h3 e6 10. Bf4 exd5 11. cxd5 Re8 12. Bd3 Nh5 13. Bh2 Bh6 14. Re1 c4 15. Bf1 a6 16. Nd2 Qg5 17. Nf3 Qd8 18. Kh1 Nf4 19. Qd4 Bg7 20. Qd2 Nh5 21. g4 Nf6 22. Qf4 Bf8 23. Nd2 Nfd7 24. Bxc4 Ne5 25. Bf1 Bd7 26. Qg3 g5 27. f4 Ng6 28. Qf2 f6 29. Bd3 gxf4 30. Bxf4 Ne5 31. Bxe5 Rxe5 32. Nf3 Re8 33. Qh4 h6 34. Rg1 Bg7 35. Ne2 Bb5 36. Bxb5 axb5 37. Ng3 Qe7 38. Rge1 Qf8 39. Nf5 Ra4 40. N3d4 Kh7 41. Ne6 Rxe6 42. dxe6 Nc8 43. Rac1 Rc4 44. Rxc4 bxc4 45. Rd1 b5 46. Qg3 1-0

[Event "Warsaw YMCA Autumn-C 176th"]
[Site "Warsaw"]
[Date "2016.10.05"]
[Round "3"]
[White "Kalhorn, Marcin"]
[Black "Tkaczyk, Weronika"]
[Result "1/2-1/2"]
[WhiteElo "1629"]
[BlackElo "1567"]
[PlyCount "90"]
[EventDate "2016.09.20"]
[EventType "tourn"]
[EventRounds "13"]
[EventCountry "POL"]
[SourceTitle "EXT 2019"]
[Source "ChessBase"]
[SourceDate "2018.10.10"]
[SourceVersion "1"]
[SourceVersionDate "2018.10.10"]
[SourceQuality "1"]

1. d4 Nf6 2. Bf4 e6 3. e3 c5 4. c3 Qb6 5. Qc2 d5 6. Nd2 Nc6 7. Be2 Qd8 8. Ngf3 Bd6 9. Bg3 Qe7 10. Bb5 a6 11. Bxc6+ bxc6 12. Bxd6 Qxd6 13. 0-0 0-0 14. c4 cxd4 15. exd4 a5 16. Rac1 Ba6 17. Rfd1 c5 18. cxd5 cxd4 19. dxe6 fxe6 20. Nc4 Qc7 21. Rxd4 Rac8 22. b3 Qe7 23. Qd2 Qc5 24. Qe1 Rfe8 25. Rdd1 Bxc4 26. Rxc4 Qb6 27. Rdc1 Rxc4 28. Rxc4 Nd5 29. Ra4 Nb4 30. Ne5 Rd8 31. Nc4 Qd4 32. g3 Qg4 33. Ne3 Qg5 34. a3 Nc6 35. Nc4 Nd4 36. Qe3 Qxe3 37. fxe3 Nxb3 38. Kf2 Rd5 39. Kf3 Kf7 40. Nb6 Rf5+ 41. Ke2 Rh5 42. Rf4+ Ke7 43. h4 Rc5 44. Rc4 Rxc4 45. Nxc4 a4 1/2-1/2

[Event "Warsaw YMCA Autumn-C 159th"]
[Site "Warsaw"]
[Date "2015.12.02"]
[Round "11"]
[White "Adamski, Adam"]
[Black "Kalhorn, Marcin"]
[Result "0-1"]
[WhiteElo "1651"]
[BlackElo "1623"]
[PlyCount "78"]
[EventDate "2015.09.23"]
[EventType "tourn"]
[EventRounds "13"]
[EventCountry "POL"]
[SourceTitle "EXT 2019"]
[Source "ChessBase"]
[SourceDate "2018.10.10"]
[SourceVersion "1"]
[SourceVersionDate "2018.10.10"]
[SourceQuality "1"]

1. e4 c6 2. Nc3 d5 3. Nf3 Bg4 4. h3 Bxf3 5. Qxf3 e6 6. Be2 d4 7. Nb1 c5 8. c3 Nc6 9. d3 g6 10. 0-0 Bg7 11. Qg3 Nge7 12. f4 Qc7 13. Qe1 0-0 14. Bd2 Rfd8 15. Na3 dxc3 16. bxc3 a6 17. Nc2 b5 18. Rb1 Rd7 19. Qc1 Nc8 20. Ne1 Nb6 21. Nf3 Qd8 22. g4 Raa7 23. Kg2 Na4 24. Qc2 Rab7 25. c4 Nd4 26. Nxd4 Bxd4 27. cxb5 axb5 28. Rf3 Qa8 29. f5 exf5 30. gxf5 b4 31. fxg6 hxg6 32. Rg3 Nc3 33. Bxc3 Bxc3 34. Qb3 Kg7 35. h4 Ra7 36. Bg4 Rxa2+ 37. Kh3 Rc7 38. Rf1 Be5 39. Rgf3 Rh2# 0-1

[Event "Warsaw YMCA Autumn-C 159th"]
[Site "Warsaw"]
[Date "2015.11.11"]
[Round "8"]
[White "Kalhorn, Marcin"]
[Black "Tegi, Robert"]
[Result "0-1"]
[WhiteElo "1623"]
[BlackElo "1683"]
[PlyCount "64"]
[EventDate "2015.09.23"]
[EventType "tourn"]
[EventRounds "13"]
[EventCountry "POL"]
[SourceTitle "EXT 2019"]
[Source "ChessBase"]
[SourceDate "2018.10.10"]
[SourceVersion "1"]
[SourceVersionDate "2018.10.10"]
[SourceQuality "1"]

1. e4 c6 2. d3 d5 3. Nd2 e5 4. Ngf3 Bd6 5. d4 exd4 6. exd5 cxd5 7. Bb5+ Bd7 8. Bxd7+ Qxd7 9. 0-0 Ne7 10. Nb3 0-0 11. Nbxd4 a6 12. Be3 Nbc6 13. c3 Na5 14. Qc2 h6 15. Rad1 Rac8 16. Nh4 Nc4 17. Bc1 Rfe8 18. Rfe1 b5 19. Qb1 Bc5 20. Nhf5 Nxf5 21. Qxf5 Qxf5 22. Nxf5 Re6 23. b3 Nb6 24. Ne3 Bxe3 25. Rxe3 d4 26. cxd4 Nd5 27. Rxe6 fxe6 28. Kf1 Rc2 29. a3 Kf7 30. Ke1 Nc3 31. g3 Nxd1 32. Kxd1 Rxf2 0-1

[Event "Warsaw YMCA Autumn-C 159th"]
[Site "Warsaw"]
[Date "2015.10.21"]
[Round "5"]
[White "Wrabel, Antoni"]
[Black "Kalhorn, Marcin"]
[Result "0-1"]
[WhiteElo "1660"]
[BlackElo "1623"]
[PlyCount "68"]
[EventDate "2015.09.23"]
[EventType "tourn"]
[EventRounds "13"]
[EventCountry "POL"]
[SourceTitle "EXT 2019"]
[Source "ChessBase"]
[SourceDate "2018.10.10"]
[SourceVersion "1"]
[SourceVersionDate "2018.10.10"]
[SourceQuality "1"]

1. e4 c6 2. d4 d5 3. exd5 cxd5 4. Bd3 Nc6 5. c3 Qc7 6. Ne2 Bg4 7. Qb3 Bxe2 8. Kxe2 Nf6 9. Bg5 0-0-0 10. Bh4 e5 11. Bg3 Bd6 12. Bf5+ Kb8 13. Rd1 Rhe8 14. Kf1 Na5 15. Qa4 g6 16. Bd3 e4 17. Be2 Bxg3 18. hxg3 Nc6 19. Na3 g5 20. b4 Re6 21. Rac1 Ka8 22. c4 Qb8 23. cxd5 Nxd5 24. Bc4 e3 25. b5 Nce7 26. Qb3 exf2 27. Kxf2 Re3 28. Rd3 Qxg3+ 29. Kg1 Nf4 30. Qc2 Nxd3 31. Bxd3 Rxd3 32. Nc4 R3xd4 33. Qe2 Nd5 34. b6 Nc3 0-1

[Event "Warsaw YMCA Autumn-C 159th"]
[Site "Warsaw"]
[Date "2015.09.30"]
[Round "2"]
[White "Kalhorn, Marcin"]
[Black "Bartczak, Hanna"]
[Result "1-0"]
[WhiteElo "1623"]
[BlackElo "1551"]
[PlyCount "59"]
[EventDate "2015.09.23"]
[EventType "tourn"]
[EventRounds "13"]
[EventCountry "POL"]
[SourceTitle "EXT 2019"]
[Source "ChessBase"]
[SourceDate "2018.10.10"]
[SourceVersion "1"]
[SourceVersionDate "2018.10.10"]
[SourceQuality "1"]

1. Nf3 d5 2. c4 e6 3. b3 dxc4 4. bxc4 c5 5. g3 Nf6 6. Bg2 Nc6 7. 0-0 Be7 8. Bb2 0-0 9. d3 Qb6 10. Qc1 Nd4 11. Nc3 Nxf3+ 12. Bxf3 Bd7 13. Rb1 Bc6 14. Ba1 Qa6 15. Qe3 Bxf3 16. Qxf3 b6 17. Rfd1 Qc8 18. Nb5 a6 19. Nc3 Rb8 20. Rb3 Qb7 21. Qf4 Qc6 22. Rdb1 Bd6 23. Qd2 h6 24. Nd1 Nd7 25. Ne3 b5 26. cxb5 axb5 27. Rc1 Qa6 28. Rc2 Rfc8 29. Qc1 Qa4 30. Ra3 1-0

[Event "Warsaw YMCA Autumn-C 145th"]
[Site "Warsaw"]
[Date "2014.10.29"]
[Round "12"]
[White "Kalhorn, Marcin"]
[Black "Sobotka, Jan"]
[Result "1-0"]
[WhiteElo "1621"]
[BlackElo "1640"]
[PlyCount "85"]
[EventDate "2014.09.16"]
[EventType "tourn"]
[EventRounds "13"]
[EventCountry "POL"]
[SourceTitle "EXT 2019"]
[Source "ChessBase"]
[SourceDate "2018.10.10"]
[SourceVersion "1"]
[SourceVersionDate "2018.10.10"]
[SourceQuality "1"]

1. e4 c5 2. Nc3 Nc6 3. g3 e6 4. Bg2 g6 5. d3 d5 6. exd5 exd5 7. Nxd5 Be6 8. Nf4 Bd7 9. Nf3 Bg7 10. 0-0 Nge7 11. c3 0-0 12. Be3 b6 13. d4 cxd4 14. cxd4 Rc8 15. Qd2 Re8 16. Rac1 Nf5 17. d5 Na5 18. b3 Nb7 19. Nd4 Nc5 20. Nxf5 Bxf5 21. Bxc5 bxc5 22. Nd3 Bd4 23. Rfe1 Qd6 24. Nb2 h5 25. Nc4 Qd7 26. Qf4 Rxe1+ 27. Rxe1 Re8 28. Rxe8+ Qxe8 29. Qd2 Be4 30. Nd6 Qe5 31. Nxe4 f5 32. Ng5 h4 33. Nf3 Qe4 34. Nxd4 Qb1+ 35. Bf1 cxd4 36. Qxd4 hxg3 37. hxg3 Qxa2 38. Bc4 Qb1+ 39. Kh2 Qc1 40. d6+ Kh7 41. Qh4+ Kg7 42. Qe7+ Kh6 43. Qe3+ 1-0

[Event "Warsaw YMCA Autumn-C 145th"]
[Site "Warsaw"]
[Date "2014.10.09"]
[Round "3"]
[White "Wrabel, Antoni"]
[Black "Kalhorn, Marcin"]
[Result "1/2-1/2"]
[WhiteElo "1683"]
[BlackElo "1621"]
[PlyCount "129"]
[EventDate "2014.09.16"]
[EventType "tourn"]
[EventRounds "13"]
[EventCountry "POL"]
[SourceTitle "EXT 2019"]
[Source "ChessBase"]
[SourceDate "2018.10.10"]
[SourceVersion "1"]
[SourceVersionDate "2018.10.10"]
[SourceQuality "1"]

1. e4 c6 2. d4 d5 3. exd5 cxd5 4. Bd3 Nc6 5. c3 Qc7 6. Ne2 Bg4 7. f3 Bd7 8. Bf4 e5 9. Bg3 Bd6 10. 0-0 Nf6 11. Nd2 0-0 12. Qc2 Rfe8 13. Rac1 g6 14. Rfe1 Nh5 15. Nf1 Nxg3 16. Nfxg3 exd4 17. cxd4 Qb6 18. Qb3 Nxd4 19. Qxb6 Nxe2+ 20. Rxe2 axb6 21. a3 Rac8 22. Rxc8 Rxc8 23. Rc2 Rxc2 24. Bxc2 Be5 25. b3 Kf8 26. Ne2 Ke7 27. g3 Kd6 28. Kf2 Bb2 29. a4 d4 30. Ke1 Bc6 31. f4 f5 32. Kd2 Be4 33. Bd3 Kc5 34. Kc2 Ba1 35. h3 Kb4 36. g4 Bxd3+ 37. Kxd3 Kxb3 38. gxf5 gxf5 39. Ng3 Kxa4 40. Nxf5 b5 41. Nd6 Bc3 42. Nxb7 b4 43. Nc5+ Kb5 44. Nb3 Kc6 45. Ke4 Kd6 46. f5 Ke7 47. Nc5 Kf7 48. Nb3 Kf6 49. Nc5 Kg5 50. Ne6+ Kf6 51. Nc5 h6 52. Nd7+ Ke7 53. Nc5 h5 54. Kd3 Kf6 55. Ke4 Kf7 56. Kd3 Kg7 57. Ke4 Kf7 58. Kd3 Bb2 59. Na6 b3 60. Nc5 Kf6 61. Nxb3 Kxf5 62. Ke2 Ke4 63. Kf2 Kd3 64. Nxd4 Bxd4+ 65. Kg2 1/2-1/2

[Event "Warsaw YMCA Autumn-C 145th"]
[Site "Warsaw"]
[Date "2014.09.24"]
[Round "2"]
[White "Kalhorn, Marcin"]
[Black "Celinski, Kamil"]
[Result "1/2-1/2"]
[WhiteElo "1621"]
[BlackElo "1718"]
[PlyCount "99"]
[EventDate "2014.09.16"]
[EventType "tourn"]
[EventRounds "13"]
[EventCountry "POL"]
[SourceTitle "EXT 2019"]
[Source "ChessBase"]
[SourceDate "2018.10.10"]
[SourceVersion "1"]
[SourceVersionDate "2018.10.10"]
[SourceQuality "1"]

1. Nf3 c5 2. e4 d6 3. g3 g6 4. Bg2 Bg7 5. 0-0 Nc6 6. d3 Nf6 7. c3 Bg4 8. h3 Bd7 9. Re1 Qc8 10. Kh2 e5 11. a3 a5 12. a4 0-0 13. Na3 Rd8 14. Nb5 Be6 15. Ng5 Rb8 16. Be3 h6 17. Nxe6 Qxe6 18. d4 cxd4 19. cxd4 exd4 20. Nxd4 Nxd4 21. Bxd4 b6 22. Rc1 Ne8 23. Bxg7 Kxg7 24. Qd3 Qe5 25. b3 Rdc8 26. h4 Nf6 27. f3 Kh7 28. Red1 Rxc1 29. Rxc1 Nh5 30. f4 Nxf4 31. Qf3 Nxg2 32. Qxf7+ Qg7 33. Qxg7+ Kxg7 34. Kxg2 Kf6 35. Kf3 Ke6 36. Rc7 b5 37. Ra7 bxa4 38. bxa4 Rb3+ 39. Kf4 g5+ 40. hxg5 hxg5+ 41. Kxg5 Rxg3+ 42. Kf4 Rg1 43. Rxa5 Rf1+ 44. Ke3 Re1+ 45. Kd3 Rd1+ 46. Ke2 Ra1 47. Kd2 Ra2+ 48. Kd3 Ra1 49. Kd4 Rd1+ 50. Ke3 1/2-1/2

[Event "Warsaw YMCA Winter-D 137th"]
[Site "Warsaw"]
[Date "2014.03.07"]
[Round "9"]
[White "Herman, Monika"]
[Black "Kalhorn, Marcin"]
[Result "1-0"]
[WhiteElo "1645"]
[BlackElo "1595"]
[PlyCount "119"]
[EventDate "2014.01.06"]
[EventType "tourn"]
[EventRounds "13"]
[EventCountry "POL"]
[SourceTitle "EXT 2015"]
[Source "ChessBase"]
[SourceDate "2014.11.20"]
[SourceVersion "1"]
[SourceVersionDate "2014.11.20"]
[SourceQuality "1"]

1. e4 c6 2. d4 d5 3. Nc3 dxe4 4. Nxe4 Bf5 5. Ng3 Bg6 6. Nf3 Nd7 7. h4 h6 8. h5 Bh7 9. Bd3 Bxd3 10. Qxd3 e6 11. Bf4 Qa5+ 12. Bd2 Bb4 13. c3 Be7 14. a3 Ngf6 15. c4 Qc7 16. 0-0-0 b5 17. c5 a5 18. Ne4 0-0 19. Nxf6+ Nxf6 20. Ne5 Bxc5 21. Nxf7 Qxf7 22. dxc5 Nxh5 23. Qe4 Ra6 24. Bc3 Qf4+ 25. Qxf4 Nxf4 26. Rhe1 Nd5 27. Rxe6 Nxc3 28. bxc3 Rxf2 29. Rd2 Rf5 30. Rd7 Rxc5 31. Rg6 Rg5 32. Rdxg7+ Kf8 33. Rxg5 hxg5 34. Rxg5 Ke7 35. Rg6 Kd7 36. Kd2 Ra8 37. g4 Rf8 38. Rg7+ Kd6 39. g5 Rf2+ 40. Ke3 Ra2 41. g6 Rxa3 42. Ra7 Rxc3+ 43. Kf4 Rc1 44. g7 Rg1 45. Ke4 a4 46. Kd3 c5 47. Ke4 c4 48. Kf5 c3 49. Ra6+ Kc5 50. Rg6 Rxg6 51. Kxg6 Kb4 52. g8Q Ka3 53. Qc8 b4 54. Qc4 Kb2 55. Qxb4+ Kc2 56. Qxa4+ Kd2 57. Qd4+ Kc2 58. Kf5 Kb2 59. Qb4+ Kc2 60. Ke4 1-0

[Event "Warsaw YMCA Winter-D 137th"]
[Site "Warsaw"]
[Date "2014.02.18"]
[Round "12"]
[White "Kalhorn, Marcin"]
[Black "Wilczynski, Adam"]
[Result "1/2-1/2"]
[WhiteElo "1595"]
[BlackElo "1664"]
[PlyCount "108"]
[EventDate "2014.01.06"]
[EventType "tourn"]
[EventRounds "13"]
[EventCountry "POL"]
[SourceTitle "EXT 2015"]
[Source "ChessBase"]
[SourceDate "2014.11.20"]
[SourceVersion "1"]
[SourceVersionDate "2014.11.20"]
[SourceQuality "1"]

1. e4 c5 2. Nc3 e6 3. f4 d5 4. Nf3 Nf6 5. d3 Nc6 6. Be2 Be7 7. 0-0 0-0 8. Kh1 d4 9. Nb1 b5 10. a4 b4 11. Nbd2 Na5 12. Ne5 Bb7 13. g4 Nd7 14. Ndf3 f6 15. Nxd7 Qxd7 16. b3 Qc7 17. Qe1 Rae8 18. Bd2 f5 19. gxf5 exf5 20. e5 Nc6 21. Qg3 Nd8 22. h4 Ne6 23. Kh2 Bd8 24. Rg1 Bc6 25. Raf1 Kh8 26. Qh3 Qd7 27. h5 h6 28. Ne1 Nc7 29. Bf3 Bxf3 30. Rxf3 Nd5 31. Ng2 Nc7 32. Be1 Ne6 33. Bh4 Bc7 34. Bf2 Bxe5 35. fxe5 Ng5 36. Qg3 Nxf3+ 37. Qxf3 Rxe5 38. Nf4 Rfe8 39. Ng6+ Kh7 40. Nxe5 Rxe5 41. Re1 Qe6 42. Rxe5 Qxe5+ 43. Bg3 Qe6 44. Kg2 Qf7 45. Bd6 g5 46. hxg6+ Qxg6+ 47. Qg3 Qh5 48. Kf2 Qd1 49. Bf8 Qxc2+ 50. Kg1 Qd1+ 51. Kh2 Qh5+ 52. Kg2 Qe2+ 53. Kh3 Qh5+ 54. Kg2 Qe2+ 1/2-1/2

[Event "Warsaw YMCA Winter-D 137th"]
[Site "Warsaw"]
[Date "2014.01.27"]
[Round "4"]
[White "Kalhorn, Marcin"]
[Black "Bitowt, Jacek"]
[Result "1-0"]
[WhiteElo "1595"]
[BlackElo "1699"]
[PlyCount "51"]
[EventDate "2014.01.06"]
[EventType "tourn"]
[EventRounds "13"]
[EventCountry "POL"]
[SourceTitle "EXT 2015"]
[Source "ChessBase"]
[SourceDate "2014.11.20"]
[SourceVersion "1"]
[SourceVersionDate "2014.11.20"]
[SourceQuality "1"]

1. d4 Nf6 2. c4 g6 3. Nc3 Bg7 4. e4 d6 5. Nf3 0-0 6. Be2 Nc6 7. 0-0 e5 8. d5 Ne7 9. b4 a5 10. Ba3 axb4 11. Bxb4 Nd7 12. Nd2 f5 13. exf5 gxf5 14. Qc2 Ng6 15. Rfd1 Nf4 16. Bf1 Rf6 17. g3 Nh5 18. Be2 Qe8 19. Nb5 Qg6 20. Nxc7 Rb8 21. Kh1 Nc5 22. Bxc5 dxc5 23. Nf3 Rd6 24. Nb5 Rd8 25. Nh4 Qf6 26. Bxh5 1-0

[Event "Warsaw YMCA Winter-D 137th"]
[Site "Warsaw"]
[Date "2014.01.06"]
[Round "1"]
[White "Kalhorn, Marcin"]
[Black "Bartczak, Hanna"]
[Result "1/2-1/2"]
[WhiteElo "1595"]
[BlackElo "1592"]
[PlyCount "55"]
[EventDate "2014.01.06"]
[EventType "tourn"]
[EventRounds "13"]
[EventCountry "POL"]
[SourceTitle "EXT 2015"]
[Source "ChessBase"]
[SourceDate "2014.11.20"]
[SourceVersion "1"]
[SourceVersionDate "2014.11.20"]
[SourceQuality "1"]

1. c4 e5 2. g3 c6 3. d4 Bb4+ 4. Bd2 Qa5 5. dxe5 Bxd2+ 6. Qxd2 Qxe5 7. Nf3 Qe7 8. Nc3 Nf6 9. Bg2 0-0 10. 0-0 Na6 11. Rad1 Nc7 12. Qd6 Qxd6 13. Rxd6 Re8 14. Nh4 a6 15. a4 a5 16. Rfd1 Na6 17. e4 Nc5 18. Re1 b6 19. Bf3 Ba6 20. e5 Bxc4 21. Re3 Nd5 22. Bxd5 Bxd5 23. Nxd5 cxd5 24. b3 Re6 25. Rxd5 Rae8 26. Nf5 Kf8 27. Nd4 Rg6 28. Nb5 1/2-1/2

[Event "Warsaw YMCA Autumn-D 128th"]
[Site "Warsaw"]
[Date "2013.11.19"]
[Round "10"]
[White "Kalhorn, Marcin"]
[Black "Gierech, Pawel"]
[Result "0-1"]
[WhiteElo "1617"]
[BlackElo "1671"]
[PlyCount "110"]
[EventDate "2013.09.17"]
[EventType "tourn"]
[EventRounds "11"]
[EventCountry "POL"]
[SourceTitle "EXT 2015"]
[Source "ChessBase"]
[SourceDate "2014.11.20"]
[SourceVersion "1"]
[SourceVersionDate "2014.11.20"]
[SourceQuality "1"]

1. c4 Nf6 2. g3 c6 3. Bg2 d5 4. Nf3 Bg4 5. Ne5 Bf5 6. cxd5 cxd5 7. Qa4+ Bd7 8. Nxd7 Qxd7 9. Qxd7+ Kxd7 10. Nc3 e6 11. d3 Nc6 12. Bd2 Bd6 13. Rc1 a6 14. Na4 Rab8 15. 0-0 Ke7 16. Rfe1 Nd7 17. Nc3 h5 18. e4 d4 19. Nd1 Nde5 20. Re2 Nxd3 21. Ra1 e5 22. Bf1 h4 23. g4 h3 24. f3 Nd8 25. Nf2 Nxb2 26. Bg5+ f6 27. Bxf6+ gxf6 28. Rxb2 Bc5 29. Bxa6 b6 30. Rb3 Ne6 31. Nd3 Bd6 32. Rab1 Nc5 33. Rxb6 Nxa6 34. Rxb8 Rxb8 35. Rxb8 Bxb8 36. Kf2 Bd6 37. Ke1 Nb4 38. Nf2 Nxa2 39. Nxh3 Bb4+ 40. Kd1 Nc3+ 41. Kc2 Ne2 42. Nf2 Ng1 43. Nd3 Bd6 44. Ne1 Bc7 45. h4 Ba5 46. Nd3 Nxf3 47. h5 Ne1+ 48. Nxe1 Bxe1 49. Kd3 Bh4 50. Kc4 Bg5 51. Kd3 Kd6 52. Kc4 Kc6 53. Kd3 Kc5 54. Kc2 Kc4 55. Kd1 Kd3 0-1

[Event "Warsaw-ch opB 66th"]
[Site "Warsaw"]
[Date "2013.05.14"]
[Round "4"]
[White "Wisniewski, Jacek"]
[Black "Kalhorn, Marcin"]
[Result "0-1"]
[WhiteElo "1471"]
[BlackElo "1645"]
[PlyCount "86"]
[EventDate "2013.05.11"]
[EventType "swiss"]
[EventRounds "9"]
[EventCountry "POL"]
[SourceTitle "CBM 154 Extra"]
[Source "ChessBase"]
[SourceDate "2013.06.25"]
[SourceVersion "2"]
[SourceVersionDate "2013.06.25"]
[SourceQuality "1"]

1. e4 c5 2. Nf3 d6 3. Bb5+ Bd7 4. Bxd7+ Qxd7 5. c4 Nf6 6. Nc3 Nc6 7. 0-0 g6 8. d4 cxd4 9. Nxd4 Bg7 10. Nde2 0-0 11. Rb1 Qe6 12. Qb3 Rab8 13. Nf4 Qd7 14. Qc2 Ne5 15. b3 Rfc8 16. Qe2 Qc6 17. Ncd5 Kf8 18. Nxf6 Bxf6 19. Nd5 Bg7 20. Bb2 Qd7 21. f4 Nc6 22. f5 Bxb2 23. Qxb2 Kg8 24. Qd2 Qd8 25. Rf2 f6 26. fxg6 hxg6 27. Qh6 Ne5 28. Rbf1 Qf8 29. Qh3 Qf7 30. Nxf6+ exf6 31. Rxf6 Qg7 32. Re6 Qh7 33. Qg3 Rf8 34. Rxf8+ Rxf8 35. Rxd6 Qe7 36. Rd5 Re8 37. h4 Kg7 38. h5 g5 39. Qe3 b6 40. Qd4 Kh6 41. Rd6+ Kxh5 42. Qd1+ Ng4 43. Rd4 Qe5 0-1